000 00630nam a2200145Ia 4500
008 151213s9999 xx 000 0 und d
100 _aমো: আল রাজিউল হক চেীধুরী।
245 _aড: জাকির নায়েক লেকচার সমগ্র।
_cমো: আল রাজিউল হক চেীধুরী।
260 _aঢাকা
_bচেীধুরী এন্ড সন্স।
_c2009
300 _a10992 p.
650 _aBangla
650 _aইসলামী বই
700 _aমো: আল রাজিউল হক চেীধুরী।
999 _c4964
_d4964